[Event "Open"]
[Site "Padova ITA"]
[Date "2000.12.06"]
[Round "5"]
[White "Manca,F"]
[Black "Chatalbashev,B"]
[Result "1/2-1/2"]
[WhiteElo "2396"]
[BlackElo "2494"]

1.e4 g6 2.d4 Bg7 3.Nc3 d6 4.Nf3 a6 5.a4 b6 6.Bc4 e6 7.O-O Ne7 8.Bf4 Bb7 9.Qd2 h6
10.Rfe1 Nd7 11.h3 g5 12.Bg3 Ng6 13.Rad1 O-O 14.Qe3 Qe7 15.Ne2 Nf6 16.Bd3 e5
17.Bh2 Nh5 18.Ng3 Nxg3 19.fxg3 c5 20.dxc5 dxc5 21.Bc4 Rad8 22.Qe2 a5 23.Nd2 Kh8
24.Nf1 Rd4 25.Bd5 Bxd5 26.exd5 f5 27.c3 Rxd1 28.Rxd1 e4 29.d6 Qd7 30.Qb5 Ne5
31.Qxd7 Nxd7 32.Ne3 Kh7 33.Nc4 Kg6 34.Kf2 Kf6 35.Ke2 Ke6 36.Bg1 Be5 37.Bf2 Rc8
38.g4 f4 39.h4 e3 40.Be1 h5 41.gxh5 Rh8 42.hxg5 Rxh5 43.g3 Rxg5 44.Nxe5 Kxe5
45.Kf3 Rf5 46.gxf4+ Rxf4+ 47.Kxe3 Rxa4 48.Bg3+ Ke6 49.Rh1 Kd5 50.Rh5+ Kc6
51.Rh8 Rg4 52.Kf3 Rc4 53.Rc8+ Kd5 54.Rd8 Kc6 55.Rc8+ Kd5 56.Rd8 Ke6 57.Re8+ Kd5  1/2-1/2

[Event "9th It"]
[Site "Sonnevanck NED"]
[Date "2000.12.06"]
[Round "8"]
[White "Stellwagen,D"]
[Black "Bottema,To"]
[Result "1/2-1/2"]
[WhiteElo "2285"]
[BlackElo "2359"]

1.e4 g6 2.d4 Bg7 3.Nc3 d6 4.f4 Nf6 5.Nf3 O-O 6.Bd3 Nc6 7.O-O Bg4 8.Be3 e5
9.fxe5 dxe5 10.d5 Nd4 11.Be2 Nxe2+ 12.Qxe2 c6 13.dxc6 bxc6 14.h3 Bxf3 15.Rxf3 Nh5
16.Qc4 Qc7 17.Nd5 Qb7 18.Qxc6 Qxc6 19.Ne7+ Kh8 20.Nxc6 Rac8 21.Nxa7 Rxc2
22.b4 Nf4 23.Rf2 Rc4 24.b5 Rxe4 25.Bc5 Rc4 26.Bxf8 Bxf8 27.Nc6 Bc5 28.Kf1 Bxf2
29.Kxf2 Nd5 30.Nxe5 Rb4 31.Nxf7+ Kg7 32.Nd6 Nc3 33.Rc1 Nxa2 34.Rc7+ Kf6 35.Kf3 Ke6
36.Ne4 Rxb5 37.Rxh7 Nc1 38.Rg7 Rb3+ 39.Kf2 Nd3+ 40.Kg1 Nf4 41.Nf2 Kf6 42.Rg8 Kf7
43.Ra8 Rg3 44.Ra4 Rxg2+ 45.Kf1 Rxf2+ 46.Kxf2 Nxh3+ 47.Kf3 Ng5+ 48.Kf4 Kf6
49.Ra6+ Ne6+ 50.Ke4 Ke7 51.Ke5 Nc7 52.Rxg6 Kd7 53.Rh6 Nb5 54.Ra6 Nc7 55.Rd6+ Ke7
56.Rd1  1/2-1/2

[Event "FSIMB December"]
[Site "Budapest HUN"]
[Date "2000.12.08"]
[Round "6"]
[White "Tian Tian"]
[Black "Khechumyan,G"]
[Result "1-0"]
[WhiteElo "2224"]
[BlackElo "2255"]

1.e4 g6 2.d4 Bg7 3.Nc3 d6 4.Nf3 a6 5.a4 Nd7 6.Be2 c5 7.O-O cxd4 8.Nxd4 Ngf6
9.Be3 Ne5 10.f3 Bd7 11.Kh1 Rc8 12.Bg1 h5 13.Nd5 Nxd5 14.exd5 g5 15.f4 gxf4
16.Rxf4 Bg4 17.h3 Bf6 18.Nf5 Bg5 19.Rf1 Rc4 20.Bd4 Bf6 21.c3 Kd7 22.hxg4 hxg4+
23.Kg1 g3 24.Nxg3  1-0

[Event "Open"]
[Site "Mallorca ESP"]
[Date "2000.12.09"]
[Round "8"]
[White "Reinaldo Castineira,R"]
[Black "Vassallo,M"]
[Result "1/2-1/2"]
[WhiteElo "2416"]
[BlackElo "2431"]

1.e4 g6 2.d4 Bg7 3.Nc3 d6 4.Nge2 a6 5.a4 b6 6.Be3 Bb7 7.f3 Nd7 8.Qd2 e6 9.d5 exd5
10.exd5 Ngf6 11.Nf4 O-O 12.g4 Ne5 13.Be2 b5 14.g5 Nfd7 15.axb5 axb5 16.Rxa8 Qxa8
17.Nxb5 Qa1+ 18.Qc1 Qa5+ 19.Kf2 Nb6 20.Qa1 Qxa1 21.Rxa1 Nbc4 22.Ra7 Rb8 23.b3 Nxe3
24.Kxe3 h6 25.h4 hxg5 26.hxg5 Bf8 27.Nxc7 Be7 28.Ba6 Bxa6 29.Nxa6 Re8 30.Nc7 Rc8
31.Nh3 Kf8 32.Ra8 Rxa8 33.Nxa8 Bd8 34.c4 Ke8 35.f4 Ng4+ 36.Kd4 Kd7 37.c5 dxc5+
38.Kxc5 Ne3 39.Nb6+ Bxb6+ 40.Kxb6 Nxd5+ 41.Kc5 Ke6 42.b4 Nc3 43.Kd4 Nb5+
44.Kc4 Na3+ 45.Kc5 f6 46.gxf6 Kxf6 47.Nf2 Kf5 48.Nd3 Nb1 49.Kd4 Na3 50.Kd5 Nb5
51.Ne5 Nc7+ 52.Kd6 Nb5+ 53.Kc5 Nc3 54.Kc4 Na4 55.b5 g5 56.fxg5 Kxe5  1/2-1/2

[Event "FSIMB December"]
[Site "Budapest HUN"]
[Date "2000.12.11"]
[Round "9"]
[White "Erdelyi,Z"]
[Black "Khechumyan,G"]
[Result "1/2-1/2"]
[WhiteElo "2207"]
[BlackElo "2255"]

1.e4 g6 2.d4 Bg7 3.Nc3 d6 4.f4 Nf6 5.Nf3 O-O 6.Bd3 Bg4 7.Be3 Nfd7 8.Qd2 c5
9.d5 b5 10.Bxb5 Qb6 11.Bxd7 Nxd7 12.Rb1 Qa5 13.a3 Nb6 14.Qd3 Bc8 15.Bd2 Ba6
16.b4 Qxa3 17.b5 Bxc3 18.Qxc3 Qxc3 19.Bxc3 Na4 20.Ba5 Bb7 21.c4 Nb6 22.Nd2 e6
23.O-O f5 24.dxe6 fxe4 25.Rbe1 Rae8 26.Bxb6 axb6 27.Nxe4 Rxe6 28.Ng5 Ree8
29.Rxe8 Rxe8 30.Rd1 h6 31.Nf3 Re6 32.Kf2 Kf7 33.Nh4 Be4 34.Rd2 Ke7 35.g4 Kf6
36.Nf3 Bb7 37.Nh4 Ke7 38.f5 gxf5 39.Nxf5+ Kd7 40.Kg3 Be4 41.Kf4 Bb1 42.h4 Kc7
43.Ne3 Re4+ 44.Kf3 h5 45.gxh5 Rxh4 46.Nd5+ Kb7 47.Nf4 Kc7 48.Nd5+ Kb7 49.Nf4 Kc7  1/2-1/2

[Event "Open"]
[Site "Zadar CRO"]
[Date "2000.12.11"]
[Round "3"]
[White "Zufic,M"]
[Black "Berelovich,A"]
[Result "0-1"]
[WhiteElo "2223"]
[BlackElo "2517"]

1.e4 g6 2.d4 Bg7 3.Nc3 d6 4.Bc4 Nf6 5.Nf3 O-O 6.Bb3 Nc6 7.h3 Na5 8.O-O Nxb3
9.axb3 c6 10.Qe2 Qc7 11.Be3 b6 12.b4 Bb7 13.e5 Ne8 14.Bf4 d5 15.Ra3 Qc8 16.Rfa1 Nc7
17.Rxa7 Rxa7 18.Rxa7 Ne6 19.Be3 Qb8 20.Ra3 h6 21.Qd2 Kh7 22.Ne2 c5 23.bxc5 bxc5
24.dxc5 d4 25.Bxd4 Rd8 26.Qb4 Qc8 27.Re3 h5 28.c3 Bh6 29.c6 Qxc6 30.Qxe7 Rd7
31.Qh4 Kg8 32.Ng3 Bf8 33.Qe4 Qc4 34.Qb1  0-1

[Event "Open"]
[Site "Zadar CRO"]
[Date "2000.12.12"]
[Round "4"]
[White "Totsky,L"]
[Black "Jovanic,O"]
[Result "1-0"]
[WhiteElo "2521"]
[BlackElo "2313"]

1.e4 g6 2.d4 Bg7 3.Nc3 d6 4.Be3 c6 5.Qd2 Nd7 6.f3 b5 7.Nh3 Qc7 8.Nf2 Bb7
9.Be2 a6 10.O-O Ngf6 11.Rad1 O-O 12.a3 c5 13.d5 Rfc8 14.a4 b4 15.Nb1 Nb6
16.b3 a5 17.c4 bxc3 18.Nxc3 Ba6 19.Nb5 Qd8 20.Rc1 Nfd7 21.Rc2 Rcb8 22.Rb1 Nc8
23.Nd1 Bxb5 24.Bxb5 Na7 25.Bf1 Rb4 26.Rc4 Rab8 27.Rxb4 Rxb4 28.Nc3 Qb8 29.Nb5 Nxb5
30.Bxb5 Qa7 31.Kh1 Bd4 32.Bh6 Ne5 33.Qc2 Qb6 34.Bd2 Rxb5 35.axb5 Qxb5 36.Bc3 h5
37.h3 Be3 38.Ra1 h4 39.Bxa5 Bd4 40.Bc3 Bxc3 41.Qxc3 g5 42.Qe3 f6 43.f4 gxf4
44.Qxf4 Qxb3 45.Ra8+ Kg7 46.Qxh4 Qd1+ 47.Kh2 Ng6 48.Qf2 Qd3 49.Qf3 Qd4 50.Ra3 Qe5+
51.Kh1 Kf7 52.Qg4 Qg5 53.Qxg5 fxg5 54.Rf3+ Kg7 55.Rf5 g4 56.Kh2 gxh3 57.gxh3 Ne5
58.Kg3 Kg6 59.h4 Kh6 60.Rg5 Nd3 61.Rg8 c4 62.Rc8 Nc5 63.Rc7  1-0

[Event "TCh-YUG Women"]
[Site "Kragujevac YUG"]
[Date "2000.12.14"]
[Round "4"]
[White "Petronic,S"]
[Black "Petrovic,Ma"]
[Result "1-0"]
[WhiteElo "2303"]
[BlackElo "2231"]

1.e4 g6 2.d4 Bg7 3.Nc3 d6 4.f4 e6 5.Nf3 b6 6.Bc4 Nd7 7.O-O Bb7 8.f5 gxf5
9.exf5 Bxf3 10.fxe6 Bxd1 11.exf7+ Ke7 12.Nd5+ Ke6 13.Nxc7+ Ke7 14.fxg8=N+ Qxg8
15.Bg5+ Bf6 16.Bxf6+ Nxf6 17.Bxg8 Raxg8 18.Raxd1 Rg6 19.Rd2 Kd7 20.Rdf2 Ng4
21.Rf7+ Kc6 22.R1f3 Nh6 23.Re7 d5 24.Ne8 Kb5 25.Rb3+ Kc4 26.Rc3+ Kxd4 27.Nc7 a6
28.Ne6+ Ke5 29.Nf8+ Kd6 30.Rd7+ Ke5 31.Nxg6+ hxg6 32.Rh3 b5 33.Ra7 Kf5 34.Rxa6 Kg5
35.Rd6 Ra8 36.Rg3+ Kf4 37.Rdxg6 Nf5 38.Rf3+ Ke5 39.Rg5 Rxa2 40.Rfxf5+ Ke4
41.Re5+ Kf4 42.Kf2  1-0

[Event "TCh-YUG Women"]
[Site "Kragujevac YUG"]
[Date "2000.12.16"]
[Round "6"]
[White "Manakova,M"]
[Black "Nikolin,Zo"]
[Result "1-0"]
[WhiteElo "2369"]
[BlackElo "2153"]

1.e4 g6 2.d4 Bg7 3.Nc3 d6 4.Be3 c6 5.Qd2 b5 6.f3 h5 7.Bd3 Nd7 8.d5 cxd5 9.Bxb5 dxe4
10.Nxe4 Bb7 11.Bd4 Kf8 12.Bxg7+ Kxg7 13.Bxd7 Bxe4 14.Ba4 Bb7 15.Nh3 Nf6 16.O-O Qb6+
17.Kh1 Rad8 18.Rfe1 e6 19.c3 h4 20.Rad1 Ba8 21.Bb3 e5 22.Re3 Rd7 23.Qe1 Rh5
24.Rd2 a5 25.c4 g5 26.Ba4 Rd8 27.c5 Qxc5 28.Rxe5 dxe5 29.Rxd8 Bb7 30.Qc3 Qxc3
31.bxc3 g4 32.fxg4 Nxg4 33.Rd7 Ba6 34.Ra7 Bc4 35.Bd1 Rf5 36.Bxg4 Rf1+ 37.Ng1 e4
38.Rxa5 e3 39.Re5  1-0

[Event "Open"]
[Site "Zadar CRO"]
[Date "2000.12.16"]
[Round "8"]
[White "Licardo,R"]
[Black "Jovanic,O"]
[Result "0-1"]
[WhiteElo "2216"]
[BlackElo "2313"]

1.e4 g6 2.d4 Bg7 3.Nc3 d6 4.Be3 c6 5.Qd2 b5 6.f3 Qc7 7.g4 Nd7 8.h4 h5 9.gxh5 Rxh5
10.Nce2 Ngf6 11.Ng3 Rh8 12.h5 Nxh5 13.Nxh5 gxh5 14.Nh3 Nb6 15.b3 Bd7 16.Nf4 h4
17.Ng2 h3 18.Nf4 c5 19.c3 Rc8 20.Bxh3 b4 21.c4 cxd4 22.Bxd4 Bxd4 23.Qxd4 e5
24.Qb2 Ke7 25.Nd3 Rxh3 26.Rxh3 Bxh3 27.O-O-O Be6 28.Qh2 Nd7 29.f4 exf4 30.Qxf4 Rd8
31.Nxb4 Qc5 32.Qh4+ Nf6 33.e5 Qe3+ 34.Kb1 Bf5+ 35.Kb2 Qxe5+ 36.Ka3 Qa5+  0-1

[Event "Belgian Interteams 2000-1"]
[Site "BEL"]
[Date "2000.12.17"]
[Round "5"]
[White "Lemmers,O"]
[Black "Carlier,B"]
[Result "1-0"]
[WhiteElo "2392"]
[BlackElo "2399"]

1.e4 g6 2.d4 Bg7 3.Nc3 d6 4.Nf3 Nf6 5.Be3 O-O 6.Qd2 e5 7.O-O-O Qe7 8.Bg5 c6
9.h3 b5 10.dxe5 dxe5 11.Qd6 Qxd6 12.Rxd6 Be6 13.Nd2 Rc8 14.Be2 Nbd7 15.Rd1 Ne8
16.Rd3 Nc5 17.Rf3 b4 18.Ncb1 Nd6 19.Bd3 Bxa2 20.Be7 Bf8 21.Bxd6 Bxd6 22.b3 a5
23.Nc4 Bc7 24.Nbd2 a4 25.Kb2 Rd8 26.Kxa2 axb3+ 27.Kb1 bxc2+ 28.Bxc2 Rd4 29.Nb2 Kg7
30.Nb3 Rxd1+ 31.Nxd1 Ne6 32.Rd3 Nf4 33.Rd7 Bb6 34.Rb7 Ba7 35.Rxb4 Nxg2 36.Ra4 Nf4
37.h4 Ng2 38.Ne3 Nxe3 39.fxe3 Kh6 40.Bd1 Rd8 41.Rxa7 Rxd1+ 42.Kc2 Rf1 43.Nd2 Rf2
44.Kd1 Kh5 45.Ke1 Rf6 46.Ke2 Kxh4 47.Nf3+ Kg3 48.Nxe5 Rf2+ 49.Kd3 f6 50.Nxc6 h5
51.Rg7  1-0

[Event "TCh-SVK"]
[Site "SVK"]
[Date "2000.12.17"]
[Round "6"]
[White "Travenec,I"]
[Black "Danek,P SVK"]
[Result "1/2-1/2"]
[WhiteElo "2240"]
[BlackElo "2217"]

1.e4 d6 2.d4 g6 3.Nc3 Bg7 4.Be3 c6 5.Qd2 b5 6.f3 Nd7 7.a4 b4 8.Nd1 a5 9.Nh3 Qc7
10.Nf4 Nb6 11.g4 e5 12.Ng2 h5 13.dxe5 dxe5 14.gxh5 Rxh5 15.Bc5 Be6 16.b3 Rd8
17.Qf2 Nd7 18.Be3 f5 19.Nb2 f4 20.Bd2 Bf8 21.Bc4 Bc5 22.Qe2 Bxc4 23.Nxc4 Bd4
24.O-O-O Nc5 25.Nxa5 Qxa5 26.Qc4 Ne7 27.Bxb4 Qa6 28.Rxd4 exd4 29.Nxf4 Qxc4
30.bxc4 Rb8 31.Nxh5 Rxb4 32.Nf6+ Kf8 33.h4 Rxc4 34.Kd2 Rc3 35.h5 gxh5 36.Rxh5 Nxa4
37.Nd7+ Kg7 38.f4 Ng6 39.f5 Nf8 40.Ne5 Nc5 41.Rh4 Ncd7 42.Nd3 c5 43.e5 Rxd3+
44.Kxd3 Nxe5+ 45.Ke4 Nfd7 46.Rh1  1/2-1/2

[Event "TCh-YUG Women"]
[Site "Kragujevac YUG"]
[Date "2000.12.20"]
[Round "10"]
[White "Manakova,M"]
[Black "Petrovic,Ma"]
[Result "1-0"]
[WhiteElo "2369"]
[BlackElo "2231"]

1.e4 g6 2.d4 Bg7 3.Nc3 d6 4.Be3 a6 5.Qd2 b5 6.f3 Nd7 7.Nh3 Nb6 8.Nf2 h6 9.a4 b4
10.Ncd1 a5 11.c3 bxc3 12.bxc3 Bd7 13.Nb2 e6 14.Be2 Ne7 15.O-O f5 16.c4 Bc8
17.Rad1 Nd7 18.c5 d5 19.exf5 Nxf5 20.Bb5 O-O 21.Ng4 Nxe3 22.Qxe3 h5 23.Qxe6+ Kh7
24.Qxd5 hxg4 25.Qxa8 g3 26.hxg3 Nf6 27.Rfe1 Nh5 28.Qe4 Nxg3 29.Qe7 Nf5 30.Qxd8 Rxd8
31.Nc4 Bxd4+ 32.Kh2 Kg7 33.g4 Rh8+ 34.Kg2 Nh4+ 35.Kg3 Bxc5 36.Re8 Rxe8 37.Bxe8 g5
38.Rd5 Be7 39.Bc6 Ng6 40.Rxa5 Nf4 41.Ra7 Be6 42.Rxc7 Kf6 43.Be4 Bd8 44.Rc6 Ne2+
45.Kf2 Nd4 46.Ra6 Ke7 47.Ne3 Nb3 48.Rxe6+ Kxe6 49.Bd5+ Ke5 50.Bxb3 Kd4 51.Ke2 Bc7
52.Bf7 Bb8 53.Nf5+ Kc3 54.Ke3 Kb4 55.Be8 Kc4 56.Ke4 Kc5 57.Nd4  1-0

[Event "ch-ISR"]
[Site "Ramat-Aviv/Modiin ISR"]
[Date "2000.12.22"]
[Round "6"]
[White "Tseitlin,Ma"]
[Black "Roiz,M"]
[Result "0-1"]
[WhiteElo "2445"]
[BlackElo "2440"]

1.e4 g6 2.d4 Bg7 3.Nc3 d6 4.Nf3 Nf6 5.Be2 O-O 6.O-O e6 7.Re1 Nc6 8.h3 a6
9.Bf1 h6 10.Bf4 b5 11.a4 b4 12.Na2 a5 13.Nc1 Bb7 14.Bh2 Ne7 15.Bd3 g5 16.Nb3 Ng6
17.e5 Nh5 18.Be4 Bxe4 19.Rxe4 f5 20.Re1 Nhf4 21.exd6 cxd6 22.Bxf4 Nxf4 23.Qd2 Qe8
24.c4 bxc3 25.bxc3 Qh5 26.Re3 g4 27.hxg4 fxg4 28.Nh2 Qd5 29.Rg3 Qxb3 30.Nxg4 Kh8
31.Re1 Ra7 32.Ra1 Raf7 33.Ra2 Qb1+ 34.Kh2 Rf5 35.Rf3 Rh5+ 36.Kg3 Rh3+ 37.gxh3 Qg1+  0-1

[Event "North American Open"]
[Site "Las Vegas USA"]
[Date "2000.12.26"]
[Round "1"]
[White "Yermolinsky,A"]
[Black "Adu,O"]
[Result "1-0"]
[WhiteElo "2596"]
[BlackElo "2230"]

1.d4 d6 2.e4 g6 3.Nc3 Bg7 4.Bg5 c6 5.Qd2 Qa5 6.Nf3 Bg4 7.Be2 Nd7 8.O-O h6
9.Be3 g5 10.Rfe1 a6 11.Rad1 Rc8 12.a3 e6 13.Nb5 Qxd2 14.Nxd6+ Kf8 15.Rxd2 Rc7
16.h3 Bxf3 17.Bxf3 Ne7 18.c4 Nc8 19.c5 Ke7 20.d5 cxd5 21.exd5 Nxc5 22.Nf5+ exf5
23.d6+  1-0

[Event "17th Open"]
[Site "Boblinger GER"]
[Date "2000.12.28"]
[Round "5"]
[White "Schmidt Schaeffer,S"]
[Black "Weise,M"]
[Result "1-0"]
[WhiteElo "2314"]
[BlackElo "2170"]

1.e4 g6 2.d4 Bg7 3.Nc3 d6 4.f4 a6 5.Nf3 b5 6.Bd3 Bb7 7.O-O e6 8.f5 exf5 9.exf5 Nd7
10.Bg5 Bxd4+ 11.Kh1 Bf6 12.Ne4 Bxg5 13.Nexg5 Ngf6 14.Re1+ Kf8 15.fxg6 hxg6
16.Bxg6 Ng4 17.Qd4 Nde5 18.Qf4 Qxg5 19.Nxg5 Rxh2+ 20.Qxh2 Nxh2 21.Rxe5 dxe5
22.Bf5 f6 23.Nh3 Nf3 24.gxf3 Bxf3+ 25.Kg1 Ke7 26.Kf2 Bc6 27.Rg1 Kf7 28.Ke3 Rh8
29.Rg3 Rh4 30.Nf2 Rf4 31.Be4 Rxf2 32.Bg6+  1-0

[Event "16th Winter Open"]
[Site "Nice FRA"]
[Date "2000.12.28"]
[Round "5"]
[White "Sedina,E"]
[Black "Fuggetta,L"]
[Result "1-0"]
[WhiteElo "2405"]
[BlackElo "2053"]

1.e4 g6 2.d4 Bg7 3.Nc3 d6 4.Be3 a6 5.Qd2 b5 6.f3 Bb7 7.g4 Nd7 8.h4 h5 9.gxh5 Rxh5
10.Bg5 Bh6 11.Bg2 Bxg5 12.hxg5 Rxh1 13.Bxh1 e6 14.O-O-O b4 15.Nce2 a5 16.f4 Ne7
17.Ng3 d5 18.f5 exf5 19.exf5 gxf5 20.Re1 Kf8 21.Nf3 Ra6 22.Qh2 Kg7 23.Bg2 f4
24.Rh1 Ng6 25.Nf5+ Kf8 26.Qh8+  1-0

[Event "ch-ISR"]
[Site "Ramat-Aviv/Modiin ISR"]
[Date "2000.12.28"]
[Round "11"]
[White "Tseitlin,Ma"]
[Black "Postny,E"]
[Result "1/2-1/2"]
[WhiteElo "2445"]
[BlackElo "2434"]

1.e4 g6 2.d4 Bg7 3.Nc3 d6 4.Nf3 a6 5.a4 Nc6 6.h3 Nf6 7.Be2 O-O 8.O-O e5 9.Bg5 Nxd4
10.Nxd4 exd4 11.Qxd4 Nxe4 12.Bxd8 Bxd4 13.Bxc7 Nxc3 14.bxc3 Bxc3 15.Bxd6 Bxa1  1/2-1/2

[Event "17th Open"]
[Site "Boblinger GER"]
[Date "2000.12.29"]
[Round "7"]
[White "Meijers,V"]
[Black "Weise,M"]
[Result "1-0"]
[WhiteElo "2478"]
[BlackElo "2170"]

1.e4 g6 2.d4 Bg7 3.Nc3 d6 4.Be3 a6 5.a4 Nc6 6.Qd2 Nf6 7.Be2 O-O 8.d5 Nb8
9.Bh6 e6 10.dxe6 Bxe6 11.h4 Nc6 12.h5 d5 13.Bxg7 Kxg7 14.hxg6 fxg6 15.exd5  1-0

[Event "17th Open"]
[Site "Boblinger GER"]
[Date "2000.12.30"]
[Round "8"]
[White "Baramidze,D"]
[Black "Haub,TM"]
[Result "0-1"]
[WhiteElo "2242"]
[BlackElo "2370"]

1.e4 g6 2.d4 Bg7 3.Nc3 d6 4.Be3 a6 5.Nf3 Nd7 6.a4 e6 7.Be2 b6 8.O-O Ne7 9.Qd2 h6
10.Rad1 Bb7 11.Qc1 Kf8 12.Rd3 Kg8 13.Rfd1 Qe8 14.Ne1 Nf6 15.f3 d5 16.e5 Nd7
17.Nb1 c5 18.f4 Nf5 19.Nf3 cxd4 20.Nxd4 Nc5 21.Nxf5 Nxd3 22.Rxd3 gxf5 23.Bxb6 Qxa4
24.c3 Kh7 25.Bd4 a5 26.Rh3 Ba6 27.Bh5 Rac8 28.Qe1 Rc7 29.Nd2 Qb5 30.Qb1 Kg8
31.Re3 a4 32.g4 a3 33.bxa3 Qxb1+ 34.Nxb1 fxg4 35.Bxg4 h5 36.Bh3 Bh6 37.Rg3+ Kh7
38.Be3 Rb8 39.Nd2 Rxc3 40.Bd4 Rc1+ 41.Nf1 h4 42.Rf3 Rg8+ 43.Kh1 Be2 44.Rf2 Bd3  0-1

[Event "17th Open"]
[Site "Boblinger GER"]
[Date "2000.12.30"]
[Round "8"]
[White "Kranzl,P"]
[Black "Jurasin,M"]
[Result "1-0"]
[WhiteElo "2268"]
[BlackElo "2164"]

1.e4 g6 2.d4 Bg7 3.Nc3 d6 4.g3 Nd7 5.Bg2 c5 6.Nge2 Ngf6 7.O-O O-O 8.h3 Rb8
9.a4 cxd4 10.Nxd4 a6 11.Be3 Qc7 12.Qd2 Ne5 13.b3 Bd7 14.Nd5 Nxd5 15.exd5 Be8
16.Rae1 Rc8 17.c4 Bxa4 18.bxa4 Qxc4 19.a5 Qc7 20.Rc1 Qd7 21.Qe2 Qa4 22.Ra1 Qc4
23.Rab1 Qc7 24.Rfc1 Qxa5 25.Rxc8 Rxc8 26.Rxb7 Nc4 27.Nc6 Qa1+ 28.Kh2 Nxe3
29.Nxe7+  1-0

[Event "Open"]
[Site "Ano Liosia GRE"]
[Date "2000.12.31"]
[Round "5"]
[White "Petraki,M"]
[Black "Bogdanovski,V"]
[Result "1/2-1/2"]
[WhiteElo "2114"]
[BlackElo "2435"]

1.e4 g6 2.d4 Bg7 3.Nc3 d6 4.Be3 a6 5.Qd2 Nd7 6.f3 b5 7.g4 Bb7 8.Nge2 h5 9.g5 e6
10.h4 Ne7 11.Bh3 c5 12.O-O Qc7 13.Rad1 Rd8 14.dxc5 dxc5 15.Nf4 Nc6 16.Bxe6 fxe6
17.Nxe6 Qg3+ 18.Qg2 Qxg2+ 19.Kxg2 Kf7 20.Nxd8+ Rxd8 21.Rd2 Nd4 22.Rfd1 Ke7
23.Ne2 Nxe2 24.Rxe2 Rc8 25.Red2 Ne5 26.Kf2 Rc7 27.Rd6  1/2-1/2

[Event "3rd Hilton Open"]
[Site "Basle SUI"]
[Date "2001.01.02"]
[Round "2"]
[White "Barthel,A"]
[Black "Sturua,Z"]
[Result "0-1"]
[WhiteElo "2236"]
[BlackElo "2580"]

1.e4 g6 2.d4 Bg7 3.Nc3 d6 4.Be3 c6 5.Qd2 Nd7 6.h4 Ngf6 7.Bh6 Bxh6 8.Qxh6 Qa5
9.Qd2 b5 10.f3 a6 11.b3 c5 12.dxc5 Nxc5 13.a3 Ncd7 14.Bd3 Bb7 15.Nge2 Rc8
16.b4 Qc7 17.a4 bxa4 18.Rxa4 Qb6 19.Nd1 Ne5 20.Qe3 Qc6 21.Ra1 O-O 22.O-O Rfd8
23.Nf2 Nc4 24.Qg5 Qb6 25.Bxc4 Rxc4 26.c3 Kg7 27.Kh1 h6 28.Qd2 e5 29.Nd3 Rcc8
30.Qe1 Re8 31.Qf2 Qc7 32.Rfc1 d5 33.exd5 Bxd5 34.Nc5 e4 35.fxe4 Nxe4 36.Qd4+ Qe5
37.Nxe4 Qxd4 38.cxd4 Rxc1+ 39.Rxc1 Rxe4 40.Rc2 Rxh4+ 41.Kg1 Rg4 42.g3 Bf3
43.Nf4 g5  0-1

[Event "3rd Hilton Open"]
[Site "Basle SUI"]
[Date "2001.01.02"]
[Round "2"]
[White "Wyss,T"]
[Black "Horvath,Cs"]
[Result "0-1"]
[WhiteElo "2192"]
[BlackElo "2508"]

1.e4 g6 2.Nc3 Bg7 3.d4 d6 4.f4 c6 5.Nf3 d5 6.e5 Nh6 7.Be3 O-O 8.Bd3 f6 9.Qd2 Bg4
10.h4 c5 11.dxc5 Nc6 12.O-O-O e6 13.Be2 Nf5 14.Nd4 Nxe3 15.Bxg4 Nxd4 16.Qxe3 fxe5
17.Rxd4 exd4 18.Qxe6+ Kh8 19.Nxd5 Re8 20.Qf7 Qa5 21.Ne7 Rf8 22.Qe6 Rf6 23.Qd5 Rd8
24.Qxb7 Qxc5 25.h5 d3 26.c3 gxh5  0-1

[Event "Open"]
[Site "Ano Liosia GRE"]
[Date "2001.01.05"]
[Round "8"]
[White "Posharsky,V"]
[Black "Chatalbashev,B"]
[Result "1-0"]
[WhiteElo "2235"]
[BlackElo "2494"]

1.e4 g6 2.d4 Bg7 3.Nc3 d6 4.Nf3 a6 5.Be3 b5 6.a4 b4 7.Nd5 a5 8.Bc4 e6 9.Nf4 Nf6
10.e5 Ng4 11.exd6 Nxe3 12.d7+ Nxd7 13.fxe3 O-O 14.O-O Bb7 15.c3 e5 16.Nd3 bxc3
17.bxc3 Nb6 18.Ba2 Ba6 19.Nfxe5 Bxe5 20.Nxe5 Bxf1 21.Qxf1 Kg7 22.Qf3 f6 23.Nd3 Nxa4
24.Nf4 Re8 25.Qc6 Nb6 26.Ne6+ Rxe6 27.Qxe6 Qd6 28.Qf7+ Kh6 29.g4 Qa3 30.Qxf6 Rf8
31.Qh4+ Kg7 32.Qe1 Re8  1-0

[Event "Open"]
[Site "Ano Liosia GRE"]
[Date "2001.01.06"]
[Round "9"]
[White "Agouridis,A"]
[Black "Khetsuriani,B"]
[Result "0-1"]
[WhiteElo "2117"]
[BlackElo "2417"]

1.e4 d6 2.d4 g6 3.Nc3 Bg7 4.f4 a6 5.Be3 b5 6.a3 Bb7 7.Nf3 Nd7 8.Qd2 c5 9.d5 Nh6
10.h3 Qa5 11.g4 f5 12.gxf5 Bxc3 13.bxc3 gxf5 14.e5 Nb6 15.exd6 exd6 16.Kf2 Nxd5
17.c4 Qxd2+ 18.Bxd2 Nf6 19.Bd3 bxc4 20.Rhe1+ Kd7 21.Bc3 Rhf8 22.Bxf6 Rxf6
23.Bxc4 Be4 24.Rg1 Rb8 25.Rab1 Rxb1 26.Rxb1 d5 27.Rd1 Rd6 28.Ne5+ Ke7 29.Bb3 Nf7
30.Nf3 c4 31.Ba4 Bxf3 32.Kxf3 d4 33.Rb1 d3 34.cxd3 Rxd3+ 35.Kg2 Nd8 36.Rc1 Rd4
37.Rd1 Ne6 38.Rxd4 Nxd4 39.Kf2 Kd6 40.Ke3 Kc5 41.Kd2 h6 42.Ke3 Kd5 43.h4 c3
44.Be8 c2 45.Bf7+ Kc5 46.Kd2 a5 47.h5 Kb5 48.Be8+ Kb6 49.Bf7 Kc5 50.Kc1 Kd6
51.Bc4 Ne6 52.Bxe6 Kxe6 53.Kxc2 Kd5 54.Kb3 Ke4 55.Ka4 Kxf4 56.Kxa5 Kg3 57.Kb6 f4
58.a4 f3 59.a5 f2 60.a6 f1=Q 61.a7 Qf3 62.Kc7 Qa8  0-1

[Event "3rd Hilton Open"]
[Site "Basle SUI"]
[Date "2001.01.06"]
[Round "6"]
[White "Roschina,T"]
[Black "Gurieli,N"]
[Result "1/2-1/2"]
[WhiteElo "2293"]
[BlackElo "2366"]

1.e4 g6 2.d4 Bg7 3.Nc3 d6 4.Be3 a6 5.a4 Nf6 6.h3 O-O 7.Nf3 Nc6 8.Be2 e5 9.O-O exd4
10.Nxd4 Re8 11.Nxc6 bxc6 12.Bf3 Rb8 13.Rb1 c5 14.Qd2 Bb7 15.Bg5 h6 16.Bxh6 Bxh6
17.Qxh6 Nxe4 18.Bxe4 Bxe4 19.Qd2 Rb4 20.Rbe1 Rd4 21.Qe2 Qg5 22.Nxe4 Rdxe4
23.Qxe4 Rxe4 24.Rxe4 d5 25.f4 Qf5 26.Re8+ Kg7 27.Rf2 Qd7 28.Re5 f6 29.Re1 Qxa4
30.Re7+ Kh6 31.Rxc7 Qa1+ 32.Kh2 Qxb2 33.Re2 Qd4 34.g3 Qc4 35.Re8 Qxc2+ 36.Kh1 Qb1+
37.Kg2 Qb2+ 38.Kh1 Qc1+ 39.Kg2 Qc2+ 40.Kh1  1/2-1/2

[Event "Anibal Open"]
[Site "Anibal Open ESP"]
[Date "2001.01.08"]
[Round "1"]
[White "Vovsha,E"]
[Black "Ibragimov,I"]
[Result "1/2-1/2"]
[WhiteElo "2353"]
[BlackElo "2575"]

1.e4 g6 2.d4 d6 3.Nc3 Bg7 4.Be3 a6 5.Qd2 Nd7 6.O-O-O b5 7.g4 Bb7 8.f3 h5
9.gxh5 Rxh5 10.Nge2 Ngf6 11.Ng3 Rh8 12.h4 e5 13.d5 Nh5 14.Nce2 Bf6 15.Bg5 Qe7
16.Kb1 Nb6 17.Bh3 Bc8 18.Bxc8 Rxc8 19.Nxh5 Rxh5 20.Qa5 Bxg5 21.hxg5 Qxg5
22.Qxa6 Rxh1 23.Rxh1 Qg2 24.Re1 Qf2 25.Qxb5+ c6 26.Qb4 cxd5 27.Rc1 Qxe2 28.Qxb6 dxe4
29.fxe4 Qxe4 30.Qxd6 Rd8 31.Qf6 Qf4 32.Qc6+ Kf8 33.a4 Kg7  1/2-1/2

[Event "IM Closed"]
[Site "Martinenc ESP"]
[Date "2001.01.11"]
[Round "4"]
[White "Serra Pages,J"]
[Black "Welling,G"]
[Result "1/2-1/2"]
[WhiteElo "2191"]
[BlackElo "2364"]

1.e4 g6 2.d4 Bg7 3.Nc3 d6 4.Be3 c6 5.Qd2 b5 6.f3 Nd7 7.g4 a6 8.Nge2 h5 9.gxh5 Rxh5
10.Ng3 Rh8 11.h4 Ngf6 12.h5 Nxh5 13.Nxh5 gxh5 14.Qg2 Bf6 15.f4 e5 16.O-O-O Bb7
17.dxe5 dxe5 18.Qg1 Qe7 19.Bh3 Rd8 20.Rxd7 Rxd7 21.Bc5 Qd8 22.Bf5 h4 23.Qg4 Bc8
24.Rg1 Rf8 25.Bxf8 Kxf8 26.Bxd7 Qxd7 27.Qxd7 Bxd7 28.f5 Bg7 29.Kd1 Bh6 30.Ke2 f6
31.Rh1 Bg5 32.Kf2 Ke7 33.Nd1 Kd6 34.Ne3 Kc5 35.c3 Be8 36.Ng2 Bf7 37.Nxh4 Bxa2
38.Nf3 Bf4 39.Ra1 Bb3 40.Rxa6 Bc2 41.b4+ Kd6 42.Ra7 Bxe4 43.Rf7 Bxf5 44.Rxf6+ Be6
45.Nd4 exd4 46.Rxf4 dxc3 47.Rd4+ Bd5 48.Rd3 c5 49.bxc5+ Kxc5 50.Rxc3+ Kd4
51.Rc8 Bc4 52.Ke1 Kc3 53.Rb8  1/2-1/2

[Event "Czech Extra League 2000-1"]
[Site "CZE"]
[Date "2001.01.13"]
[Round "4"]
[White "Voloshin,L"]
[Black "Chytilek,R"]
[Result "1/2-1/2"]
[WhiteElo "2430"]
[BlackElo "2399"]

1.d4 g6 2.e4 Bg7 3.Nc3 d6 4.Be3 a6 5.Qd2 b5 6.f3 Bb7 7.Nce2 Nd7 8.g4 c5 9.dxc5 dxc5
10.O-O-O Qc7 11.Bf4 e5 12.Be3 Ne7 13.Ng3 Nc6 14.h4 O-O-O 15.Qf2 Nd4 16.g5 Kb8
17.Bh3 Nb6 18.Kb1 Nc4 19.Bc1 b4 20.Bf1 Nd6 21.N1e2 Bc8 22.Nxd4 cxd4 23.f4 f6
24.h5 fxg5 25.fxg5 Rhe8 26.hxg6 hxg6 27.Rh7 Re7 28.Bd3 Be6 29.b3 Nb5 30.Bxb5 axb5
31.Rd3 Rc8 32.Rh2 Qa5 33.Qd2 Ra7 34.a3 bxa3 35.Qxa5 Rxa5 36.Bd2 a2+ 37.Ka1 Rxc2
38.Rh7 Ra7 39.Ne2 Bg4 40.Nc1 Rc6 41.Rh4 Be6 42.Rh1 Kb7 43.Rf1 Kb6 44.Bb4 Rf7
45.Rdd1 Rc2 46.Rxf7 Bxf7 47.Rf1 Be6 48.Be7 Bh3 49.Re1  1/2-1/2

[Event "Anibal Open"]
[Site "Anibal Open ESP"]
[Date "2001.01.14"]
[Round "7"]
[White "Turov,M"]
[Black "Franco Ocampos,Z"]
[Result "1-0"]
[WhiteElo "2539"]
[BlackElo "2512"]

1.e4 g6 2.d4 Bg7 3.Nc3 d6 4.Bg5 a6 5.Qd2 b5 6.a4 b4 7.Nd5 a5 8.c3 c6 9.Ne3 bxc3
10.bxc3 Nf6 11.Bd3 O-O 12.Ne2 Ba6 13.O-O c5 14.Bxf6 Bxf6 15.dxc5 dxc5 16.Rfd1 Bb7
17.Rab1 Qc7 18.Qc2 e6 19.f4 Be7 20.e5 Nc6 21.Ng3 Rad8 22.Ne4 f6 23.exf6 Bxf6
24.g3 Bg7 25.Nxc5 Bc8 26.Qb3 Qa7 27.Qb6 Bxc3 28.Qxc6 Bd4 29.Nxe6 Bxe3+ 30.Kg2 Bxe6
31.Qxe6+ Kg7 32.Qe5+ Kh6 33.Qg5+ Kg7 34.Qe5+ Kh6 35.Bxg6  1-0

[Event "Belgian Interteams 2000-1"]
[Site "BEL"]
[Date "2001.01.14"]
[Round "12"]
[White "Claesen,P"]
[Black "Carlier,B"]
[Result "1/2-1/2"]
[WhiteElo "2416"]
[BlackElo "2399"]

1.d4 g6 2.e4 Bg7 3.Nc3 d6 4.Nf3 Nf6 5.Bf4 O-O 6.Qd2 c5 7.Bh6 cxd4 8.Nxd4 Bxh6
9.Qxh6 Qb6 10.Qd2 Nc6 11.O-O-O  1/2-1/2